Green for growth 1 (Record no. 84460)
[ view plain ]
| 000 -LEADER | |
|---|---|
| fixed length control field | 00575cab a22001695a 4500 |
| 001 - CONTROL NUMBER | |
| control field | L157777 |
| 008 - FIXED-LENGTH DATA ELEMENTS--GENERAL INFORMATION | |
| fixed length control field | 130514e2013 xxk 000 0 eng d |
| 035 ## - SYSTEM CONTROL NUMBER | |
| System control number | (Sirsi) u157777 |
| 041 0# - LANGUAGE CODE | |
| Language code of text/sound track or separate title | eng |
| 100 1# - MAIN ENTRY--PERSONAL NAME | |
| Personal name | Branson, Adam |
| 245 00 - TITLE STATEMENT | |
| Title | Green for growth 1 |
| Remainder of title | display energy certificates |
| 260 ## - PUBLICATION, DISTRIBUTION, ETC. | |
| Date of publication, distribution, etc. | 2013 |
| 490 ## - SERIES STATEMENT | |
| Series statement | Building |
| Volume/sequential designation | (278) 25 January 2013, 32-34(3) |
| 520 ## - SUMMARY, ETC. | |
| Summary, etc. | Part one of the Green for Growth series. Industry figures are asked why it is vital to make accurate measurements of energy performance public knowledge |
| 690 ## - LOCAL SUBJECT ADDED ENTRY--TOPICAL TERM (OCLC, RLIN) | |
| Topical term or geographic name as entry element | Energy Performance |
| 942 ## - ADDED ENTRY ELEMENTS (KOHA) | |
| Suppress in OPAC | 0 |
| Withdrawn status | Lost status | Source of classification or shelving scheme | Damaged status | Not for loan | Home library | Current library | Shelving location | Date acquired | Total Checkouts | Full call number | Barcode | Date last seen | Copy number | Price effective from | Koha item type |
|---|---|---|---|---|---|---|---|---|---|---|---|---|---|---|---|
| Dewey Decimal Classification | London | London | Journals | 14/05/2013 | L157777 | 157777-1001 | 06/08/2019 | 1 | 06/08/2019 | Journal article |